000 00820nam a2200205Ia 4500
008 0000001987 sp a 0000000000spa00
090 _aPSP00 C14c2
100 1 _aCalvo, Carmen
_d1950
245 1 0 _aCarmen Calvo
_b: pinturas
_c/ traducción Angela Petra Salas ; fotografías J. Campaño
300 _a[20] p.
_c/ 27 cm.
500 _aExposición realizada en Gamarra y Garrigues, Madrid, Noviembre, 1987 \ Con el patronazgo del maestro venezolano Jesús Rafael Soto (q.e.p.d.) \
600 0 0 _aCALVO, CARMEN, 1950/
_xTRABAJOS PICTORICOS
650 1 4 _aARTE CONTEMPORANEO ESPAÑOL
650 1 4 _xCATALOGOS
650 1 4 _xEXPOSICIONES
650 1 4 _aPINTORES ESPAÑOLES
650 1 4 _aPINTURA ESPAÑOLA
700 1 _aPetra Salas, Angela \ Campaño, J.
999 _c6589
_d6589
260 _aMadrid : Gamarra y Garrigues
_c1987